Eastern Utah Libraries Catalog: Duchesne, Heber, Roosevelt, & Vernal

Under a painted sky / (Record no. 199172)

MARC details
000 -LEADER
fixed length control field 03981cam a2200733 i 4500
001 - CONTROL NUMBER
control field 2164939
005 - DATE AND TIME OF LATEST TRANSACTION
control field 20241220163410.0
008 - FIXED-LENGTH DATA ELEMENTS--GENERAL INFORMATION
fixed length control field 140528s2015 nyu d 000 1 eng
010 ## - LIBRARY OF CONGRESS CONTROL NUMBER
LC control number 2014015976
020 ## - INTERNATIONAL STANDARD BOOK NUMBER
International Standard Book Number 9780399168031
Qualifying information hardback :
Terms of availability $16.99
020 ## - INTERNATIONAL STANDARD BOOK NUMBER
International Standard Book Number 0399168036
Qualifying information hardback :
Terms of availability $16.99
035 ## - SYSTEM CONTROL NUMBER
System control number (OCoLC)880689723
Canceled/invalid control number (OCoLC)897424890
035 ## - SYSTEM CONTROL NUMBER
System control number 2099070
035 ## - SYSTEM CONTROL NUMBER
System control number (OCoLC)880689723
Canceled/invalid control number (OCoLC)897424890
035 ## - SYSTEM CONTROL NUMBER
System control number 2081867
035 ## - SYSTEM CONTROL NUMBER
System control number (OCoLC)880689723
Canceled/invalid control number (OCoLC)897424890
035 ## - SYSTEM CONTROL NUMBER
System control number (OCoLC)ocn880689723
035 ## - SYSTEM CONTROL NUMBER
System control number 2096984
035 ## - SYSTEM CONTROL NUMBER
System control number (OCoLC)ocn880689723
035 ## - SYSTEM CONTROL NUMBER
System control number 2099070
040 ## - CATALOGING SOURCE
Original cataloging agency DLC
Description conventions rda
Language of cataloging eng
Transcribing agency DLC
Modifying agency IG#
-- UPZ
-- OCLCO
-- FOLLT
-- JNE
-- FOLLT
-- IHV
-- IGA
043 ## - GEOGRAPHIC AREA CODE
Geographic area code n-usp--
049 ## - LOCAL HOLDINGS (OCLC)
Holding library IGAA
050 00 - LIBRARY OF CONGRESS CALL NUMBER
Classification number PZ7.L514858
Item number Und 2015
082 00 - DEWEY DECIMAL CLASSIFICATION NUMBER
Classification number [Fic]
Edition number 23
092 ## - LOCALLY ASSIGNED DEWEY CALL NUMBER (OCLC)
Classification number F
999 ## - SYSTEM CONTROL NUMBERS (KOHA)
Koha Dewey Subclass [OBSOLETE] F
100 1# - MAIN ENTRY--PERSONAL NAME
Personal name Lee, Stacey,
Relator term author.
9 (RLIN) 5993073
245 10 - TITLE STATEMENT
Title Under a painted sky /
Statement of responsibility, etc Stacey Lee.
264 #1 - Production, Publication, Distribution, Manufacture, and Copyright Notice.
Place of production, publication, distribution, manufacture New York, NY :
Name of producer, publisher, distributor, manufacturer G. P. Putnam's Sons, an imprint of Penguin Group (USA),
Date of production, publication, distribution, manufacture, or copyr 2015
300 ## - PHYSICAL DESCRIPTION
Extent 374 pages ;
Dimensions 22 cm
336 ## - Content Type
Content type term text
337 ## - Media type
Media type term unmediated
338 ## - Carrier type
Carrier type term volume
520 ## - SUMMARY, ETC.
Summary, etc "In 1845, Sammy, a Chinese American girl, and Annamae, an African American slave girl, disguise themselves as boys and travel on the Oregon Trail to California from Missouri"--
650 #0 - SUBJECT ADDED ENTRY--TOPICAL TERM
Topical term or geographic name as entry element Adventure stories.
9 (RLIN) 78767
650 #0 - SUBJECT ADDED ENTRY--TOPICAL TERM
Topical term or geographic name as entry element Runaway teenagers
Form subdivision Juvenile fiction.
9 (RLIN) 5686579
650 #0 - SUBJECT ADDED ENTRY--TOPICAL TERM
Topical term or geographic name as entry element Sex role
Form subdivision Juvenile fiction.
9 (RLIN) 5681238
650 #0 - SUBJECT ADDED ENTRY--TOPICAL TERM
Topical term or geographic name as entry element Chinese Americans
Form subdivision Juvenile fiction.
9 (RLIN) 5686580
650 #0 - SUBJECT ADDED ENTRY--TOPICAL TERM
Topical term or geographic name as entry element African Americans
Form subdivision Juvenile fiction.
9 (RLIN) 5674047
650 #0 - SUBJECT ADDED ENTRY--TOPICAL TERM
Topical term or geographic name as entry element Slavery
Form subdivision Juvenile fiction.
9 (RLIN) 5686581
651 #0 - SUBJECT ADDED ENTRY--GEOGRAPHIC NAME
Geographic name Oregon National Historic Trail
Form subdivision Juvenile fiction.
9 (RLIN) 5686582
651 #0 - SUBJECT ADDED ENTRY--GEOGRAPHIC NAME
Geographic name West (U.S.)
General subdivision History
Chronological subdivision 1848-1860
Form subdivision Juvenile fiction.
9 (RLIN) 5686583
655 #0 - INDEX TERM--GENRE/FORM
Genre/form data or focus term Young adult fiction.
9 (RLIN) 5673855
942 ## - ADDED ENTRY ELEMENTS (KOHA)
Source of classification or shelving scheme Dewey Decimal Classification
Koha item type BOOK
948 ## - LOCAL PROCESSING INFORMATION (OCLC); SERIES PART DESIGNATOR (RLIN)
Series part designator, SPT (RLIN) BNO
b (OCLC) TEEN
p (OCLC) X109449306
k (OCLC) YA
h (OCLC) F
f (OCLC) 1
r (OCLC) 2
g (OCLC) 1
7 (OCLC) 0
u (OCLC) 3
w (OCLC) 11
s (OCLC) 0
o (OCLC) BNO
0 (OCLC) $16.99
y (OCLC) 99
c (OCLC) 26
j (OCLC) Dewey Decimal
n (OCLC) On-Order
e (OCLC) 876870-2
9 (OCLC) Item generated Jul 29 2015 2:18PM
948 ## - LOCAL PROCESSING INFORMATION (OCLC); SERIES PART DESIGNATOR (RLIN)
Series part designator, SPT (RLIN) BHH
b (OCLC) TEEN
p (OCLC) X113463293
k (OCLC) YA
h (OCLC) F
f (OCLC) 1
r (OCLC) 2
g (OCLC) 1
7 (OCLC) 0
u (OCLC) 3
w (OCLC) 11
s (OCLC) 0
o (OCLC) BHH
0 (OCLC) $16.99
y (OCLC) 99
c (OCLC) 26
j (OCLC) Dewey Decimal
n (OCLC) On-Order
e (OCLC) 876870-1
9 (OCLC) Item generated Jul 29 2015 2:18PM
948 ## - LOCAL PROCESSING INFORMATION (OCLC); SERIES PART DESIGNATOR (RLIN)
Series part designator, SPT (RLIN) BMK
b (OCLC) TEEN
p (OCLC) X109394536
k (OCLC) YA
h (OCLC) F
f (OCLC) 1
r (OCLC) 2
g (OCLC) 1
7 (OCLC) 0
u (OCLC) 3
w (OCLC) 11
s (OCLC) 0
o (OCLC) BMK
0 (OCLC) $16.99
y (OCLC) 99
c (OCLC) 26
j (OCLC) Dewey Decimal
n (OCLC) On-Order
e (OCLC) 876870-4
9 (OCLC) Item generated Jul 29 2015 2:18PM
948 ## - LOCAL PROCESSING INFORMATION (OCLC); SERIES PART DESIGNATOR (RLIN)
Series part designator, SPT (RLIN) BRF
b (OCLC) TEEN
p (OCLC) X109780668
k (OCLC) YA
h (OCLC) F
f (OCLC) 1
r (OCLC) 2
g (OCLC) 1
7 (OCLC) 0
u (OCLC) 3
w (OCLC) 11
s (OCLC) 0
o (OCLC) BRF
0 (OCLC) $16.99
y (OCLC) 99
c (OCLC) 26
j (OCLC) Dewey Decimal
n (OCLC) On-Order
e (OCLC) 876870-3
9 (OCLC) Item generated Jul 29 2015 2:18PM
948 ## - LOCAL PROCESSING INFORMATION (OCLC); SERIES PART DESIGNATOR (RLIN)
Series part designator, SPT (RLIN) BHI
b (OCLC) TEEN
p (OCLC) X109077560
k (OCLC) YA
h (OCLC) F
f (OCLC) 1
r (OCLC) 2
g (OCLC) 1
7 (OCLC) 0
u (OCLC) 3
w (OCLC) 11
s (OCLC) 0
o (OCLC) BHI
0 (OCLC) $16.99
y (OCLC) 99
c (OCLC) 26
j (OCLC) Dewey Decimal
n (OCLC) On-Order
e (OCLC) 823525-2
9 (OCLC) Item generated Apr 2 2015 2:53PM
948 ## - LOCAL PROCESSING INFORMATION (OCLC); SERIES PART DESIGNATOR (RLIN)
Series part designator, SPT (RLIN) BLD
b (OCLC) TEEN
p (OCLC) X110589298
k (OCLC) YA
h (OCLC) F
f (OCLC) 1
r (OCLC) 2
g (OCLC) 1
7 (OCLC) 0
u (OCLC) 3
w (OCLC) 11
s (OCLC) 0
o (OCLC) BLD
0 (OCLC) $16.99
y (OCLC) 99
c (OCLC) 26
j (OCLC) Dewey Decimal
n (OCLC) On-Order
e (OCLC) 823525-4
9 (OCLC) Item generated Apr 2 2015 2:53PM
948 ## - LOCAL PROCESSING INFORMATION (OCLC); SERIES PART DESIGNATOR (RLIN)
Series part designator, SPT (RLIN) BKR
b (OCLC) TEEN
p (OCLC) X109139303
k (OCLC) YA
h (OCLC) F
f (OCLC) 1
r (OCLC) 2
g (OCLC) 1
7 (OCLC) 0
u (OCLC) 3
w (OCLC) 11
s (OCLC) 0
o (OCLC) BKR
0 (OCLC) $16.99
y (OCLC) 99
c (OCLC) 26
j (OCLC) Dewey Decimal
n (OCLC) On-Order
e (OCLC) 823525-3
9 (OCLC) Item generated Apr 2 2015 2:53PM
948 ## - LOCAL PROCESSING INFORMATION (OCLC); SERIES PART DESIGNATOR (RLIN)
Series part designator, SPT (RLIN) BKM
b (OCLC) TEEN
p (OCLC) X109096560
k (OCLC) YA
h (OCLC) F
f (OCLC) 1
r (OCLC) 2
g (OCLC) 1
7 (OCLC) 0
u (OCLC) 3
w (OCLC) 11
s (OCLC) 0
o (OCLC) BKM
0 (OCLC) $16.99
y (OCLC) 99
c (OCLC) 26
j (OCLC) Dewey Decimal
n (OCLC) On-Order
e (OCLC) 823525-1
9 (OCLC) Item generated Apr 2 2015 2:53PM
948 ## - LOCAL PROCESSING INFORMATION (OCLC); SERIES PART DESIGNATOR (RLIN)
Series part designator, SPT (RLIN) BFP
b (OCLC) TEEN
p (OCLC) X110445178
k (OCLC) YA
h (OCLC) F
f (OCLC) 0
r (OCLC) 2
g (OCLC) 0
7 (OCLC) 0
u (OCLC) 3
w (OCLC) 11
s (OCLC) 0
o (OCLC) BFP
0 (OCLC) $17.99
y (OCLC) 99
c (OCLC) 26
j (OCLC) Dewey Decimal
n (OCLC) On-Order
e (OCLC) 817537-1
9 (OCLC) Item generated Mar 31 2015 2:33PM
Holdings
Withdrawn status Lost status Source of classification or shelving scheme Damaged status Not for loan Collection code Home library Current library Shelving location Date acquired Source of acquisition Total Checkouts Total Renewals Full call number Barcode Date last seen Date checked out Cost, replacement price Price effective from Koha item type
    Dewey Decimal Classification     Young Adult Fiction Wasatch County Library Wasatch County Library Main Floor Teen Area 09/13/2021 Amazon 8 10 YA Lee 34301001807629 11/12/2025 08/04/2025 10.99 09/13/2021 BOOK
This project was made possible through a grant from the Institute of Museum and Library Service administered by the Utah State Library Division.

Wasatch County Library

  • 465 East 1200 South, Heber City, Utah 84032
  • Phone 435-654-1511 | Fax 435-654-6456

Hours

  • Monday - Friday 9:30 AM - 8:00 PM
  • Saturday 9:30 AM - 1:30 PM
  • Closed Sundays and Holidays